00509nam a2200145 a 4500008004100000020001800041050001600059100001900075245012700094260004300221300001900264650002600283650003500309700001900344130418s2007 ||||||||||||||||| || u a9780194398695 aPE 1628 Oxf aWaters, Alison10aOxford student's dictionary: for learners using english to study other subjectscedited by Alison Waters and Victoria Bull aOxford:bOxford University Pressc2007 ax, 806p.: ill. aENGLISH--DICTIONARIES 0aENGLISH LANGUAGE--DICTIONARIES aBull, Victoria